[Event "Let's Play Chess!"]
[Site "http://www.queenalice.com/game.php?id=329310"]
[Date "2008.1.1"]
[Round "-"]
[White "Zoraida"]
[Black "TcheRenato"]
[Result "0-1"]
[WhiteElo "1888"]
[BlackElo "2124"]

1. e4 e5 2. Nf3 Nf6 3. Nc3 Nc6 4. Bb5 Bc5 5. d3 O-O 6. O-O d6 7. Bc4 Bg4 8. h3
Bxf3 9. Qxf3 Nd4 10. Qd1 c6 11. Be3 d5 12. exd5 cxd5 13. Bb3 Nxb3 14. axb3 d4
15. Na4 Bd6 16. Bg5 b5 17. Qf3 bxa4 18. Rxa4 Rc8 19. Rc1 Rc7 20. c3 h6 21. Bh4
g5 22. Bg3 Qe7 23. Raa1 Rfc8 24. Qf5 dxc3 25. bxc3 Rxc3 26. Re1 Re8 27. d4 e4
28. Ra6 Bxg3 29. Rxf6 Kg7 30. Ra6 Bf4 31. g3 Bb8 32. Qg4 e3 33. Re2 exf2+ 34.
Kxf2 Bxg3+ 0-1

[Event "Let's Play Chess!"]
[Site "http://www.queenalice.com/game.php?id=329311"]
[Date "2008.1.1"]
[Round "-"]
[White "TcheRenato"]
[Black "Zoraida"]
[Result "1-0"]
[WhiteElo "2157"]
[BlackElo "1863"]

1. e4 e5 2. Nf3 Nc6 3. Bb5 d6 4. d4 exd4 5. Nxd4 Bd7 6. O-O Nxd4 7. Bxd7+ Qxd7
8. Qxd4 Qe6 9. Re1 Nf6 10. Nc3 Be7 11. Nb5 Qd7 12. e5 dxe5 13. Qxe5 O-O 14. Qxc7
Qxb5 15. Rxe7 b6 16. b3 a5 17. c4 Qb4 18. Be3 a4 19. bxa4 Rxa4 20. Bxb6 Rxa2 21.
Rc1 Rc2 22. Ree1 Re8 23. Be3 Rxc1 24. Rxc1 h6 25. c5 Qb2 26. Rf1 Nd5 27. Qd7 Qe5
28. Bd2 Re6 29. Qd8+ Kh7 30. Qh4 Qe2 31. Qd4 Nf6 32. Qf4 Ne4 33. Be3 Nf6 34.
Qf5+ Kg8 35. Ra1 g6 36. Qf4 g5 37. Qd4 Kh7 38. h3 Kg6 39. Rc1 Qb5 40. h4 Re4 41.
Qd2 Rxh4 42. c6 Nd5 43. Rc5 Qb1+ 44. Rc1 Qb3 45. c7 Nxc7 46. Rxc7 1-0

[Event "Let's Play Chess!"]
[Site "http://www.queenalice.com/game.php?id=334908"]
[Date "2008.1.11"]
[Round "-"]
[White "Zoraida"]
[Black "mustangmike"]
[Result "0-1"]
[WhiteElo "1873"]
[BlackElo "1851"]

1. e4 e5 2. Nf3 d6 3. d3 Nf6 4. Nc3 Be7 5. Be2 O-O 6. O-O b6 7. a4 Bb7 8. a5
bxa5 9. Rxa5 a6 10. Bg5 Nc6 11. Ra1 h6 12. Bh4 d5 13. exd5 Nxd5 14. Nxd5 Qxd5
15. Bxe7 Nxe7 16. c4 Qe6 17. Re1 Nc6 18. Qd2 Rad8 19. Qc3 f6 20. Bd1 Rfe8 21.
Bb3 Qf5 22. Rad1 Qg6 23. g3 Nd4 24. Nxd4 exd4 25. c5+ Kh8 26. Rxe8+ Qxe8 27. Qb4
Qc6 28. Kf1 Re8 0-1

[Event "Let's Play Chess!"]
[Site "http://www.queenalice.com/game.php?id=334909"]
[Date "2008.1.11"]
[Round "-"]
[White "mustangmike"]
[Black "Zoraida"]
[Result "1-0"]
[WhiteElo "1853"]
[BlackElo "1840"]

1. e4 e5 2. Nf3 d6 3. Nc3 Nf6 4. Bd3 Nc6 5. O-O Be7 6. Be2 Bg4 7. d4 Bxf3 8.
Bxf3 Nxd4 9. Be3 c5 10. a3 O-O 11. Bxd4 cxd4 12. Nd5 Nxd5 13. exd5 f5 14. Be2 a6
15. Bc4 b5 16. Bb3 a5 17. a4 b4 18. Qd3 f4 19. Rac1 Bg5 20. f3 Qf6 21. Rce1 Bh4
22. Re2 Qf5 23. Qb5 Rfe8 24. Bc4 e4 25. fxe4 Rxe4 26. Bd3 1-0

[Event "Challenge"]
[Site "http://www.queenalice.com/game.php?id=342774"]
[Date "2008.1.25"]
[Round "-"]
[White "Zoraida"]
[Black "Nyvang"]
[Result "0-1"]
[WhiteElo "1881"]
[BlackElo "1819"]

1. e4 e5 2. Nf3 d5 3. exd5 e4 4. Nd4 Qxd5 5. c3 a6 6. d3 Nc6 7. Nxc6 Qxc6 8. d4
Nf6 9. Be2 Bf5 10. Be3 O-O-O 11. O-O h5 12. h4 Ng4 13. Qb3 Be6 14. c4 Qd6 15. d5
Qh2# 0-1

[Event "Challenge"]
[Site "http://www.queenalice.com/game.php?id=349666"]
[Date "2008.2.7"]
[Round "-"]
[White "Zoraida"]
[Black "Nyvang"]
[Result "1-0"]
[WhiteElo "1859"]
[BlackElo "1803"]

1. e4 g6 2. d4 Bg7 3. Nf3 b6 4. Bd3 Bb7 5. Be3 d6 6. O-O Nc6 7. c3 e6 8. Nbd2
Qd7 9. Qe2 O-O-O 10. Ba6 d5 11. Bxb7+ Kxb7 12. e5 f6 13. exf6 Bxf6 14. b4 e5 15.
b5 e4 16. Ne1 Nce7 17. a4 c6 18. c4 c5 19. Nb3 dxc4 20. Qxc4 Qd5 21. Rc1 Qxc4
22. Rxc4 Nc6 23. bxc6+ Kxc6 24. dxc5 bxc5 25. Rxe4 Ne7 26. Bxc5 Nd5 27. Nf3 Bc3
28. Bxa7 1-0

[Event "Let's Play Chess!"]
[Site "http://www.queenalice.com/game.php?id=356114"]
[Date "2008.2.17"]
[Round "-"]
[White "elche"]
[Black "Zoraida"]
[Result "0-1"]
[WhiteElo "1734"]
[BlackElo "1825"]

1. e4 e5 2. Nf3 Nc6 3. Bc4 Nf6 4. O-O Bc5 5. c3 d5 6. exd5 Nxd5 7. d4 exd4 8.
cxd4 Bb6 9. Bb5 O-O 10. Bxc6 bxc6 11. Nc3 Nf6 12. Bg5 Bg4 13. Na4 h6 14. Nxb6
cxb6 15. Bh4 Qd6 16. h3 Bh5 17. Bg3 Qd5 18. Be5 Nd7 19. Qd3 Rfe8 20. Qc3 Bxf3
21. Qxf3 Nxe5 22. Qxd5 cxd5 23. Rac1 Nd3 24. Rc2 Re1 25. Rd2 Rxf1+ 26. Kxf1 Nf4
27. f3 Re8 28. Kf2 g5 29. b3 a5 30. a4 Rc8 31. Kg3 Rc3 32. Rb2 Kg7 33. h4 f6 34.
Kg4 Rd3 35. g3 h5+ 36. Kf5 Nh3 37. hxg5 Rxf3+ 38. Ke6 Nxg5+ 39. Kxd5 Rxg3 40.
Kc6 Nf3 41. Kxb6 Nxd4 42. Kxa5 Rxb3 43. Rxb3 Nxb3+ 44. Kb4 h4 0-1

[Event "Let's Play Chess!"]
[Site "http://www.queenalice.com/game.php?id=356115"]
[Date "2008.2.17"]
[Round "-"]
[White "elche"]
[Black "Zoraida"]
[Result "1/2-1/2"]
[WhiteElo "1768"]
[BlackElo "1837"]

1. e4 e5 2. Nf3 Nc6 3. Bc4 Nf6 4. O-O Nxe4 5. Bd5 Ng5 6. Bxc6 bxc6 7. d3 Nxf3+
8. Qxf3 d5 9. Re1 Bd6 10. Nc3 O-O 11. b3 Re8 12. Bb2 Bb7 13. Ne2 e4 14. Qg4 f6
15. dxe4 Bc8 16. Qh4 Rxe4 17. Qh5 Bg4 18. Qh4 Bxe2 19. Qh3 Qe7 20. f3 Rf4 21. c4
dxc4 22. bxc4 Qe3+ 23. Kh1 Be5 24. Rad1 Bxb2 25. Rd7 Re8 26. Qg3 g5 27. Qh3 Re7
28. Rxe7 Qxe7 29. Qc8+ Kg7 30. Qa6 Qe3 31. Qxc6 Qf2 32. Qd7+ Kg6 33. Qe8+ Kh6
34. Qf8+ Kg6 35. Qg8+ Kf5 36. Qxh7+ Ke5 37. Rxe2+ Qxe2 38. Qe7+ Kf5 39. Qxe2 Be5
40. g4+ Ke6 41. h3 Rd4 42. a4 Kd6 43. Qa2 c5 44. a5 Rd1+ 45. Kg2 Ra1 46. Qb3
Rxa5 47. Qb8+ Ke7 48. Qb7+ Kf8 49. Qc8+ Kg7 50. Qd8 Ra2+ 51. Kf1 Bd4 52. Qe8 a5
53. Qe7+ Kg6 54. Qe4+ Kg7 55. Qe7+ 1/2-1/2

[Event "Let's Play Chess!"]
[Site "http://www.queenalice.com/game.php?id=356143"]
[Date "2008.2.18"]
[Round "-"]
[White "Zoraida"]
[Black "spawnwolfwolverine"]
[Result "1-0"]
[WhiteElo "1856"]
[BlackElo "1540"]

1. e4 e5 2. Nf3 Nc6 3. Nc3 d6 4. d3 Bg4 5. Be2 Be7 6. h3 Bxf3 7. Bxf3 Nf6 8. O-O
O-O 9. a4 b6 10. Bd2 a5 11. b3 Nd4 12. Be3 c5 13. Bg5 Nxf3+ 14. Qxf3 h6 15. Bh4
Nh7 16. Bxe7 Qxe7 17. Nd5 Qb7 18. Qe3 f6 19. f4 g5 20. fxg5 hxg5 21. Rf5 Rf7 22.
Raf1 Raf8 23. Qg3 b5 24. axb5 Qxb5 25. h4 a4 26. hxg5 Nxg5 27. Nxf6+ Rxf6 28.
Qxg5+ Kh8 29. Rxf6 Rxf6 30. Qxf6+ Kg8 31. Qf8+ Kh7 32. Rf7+ Kg6 33. Qg7+ Kh5 34.
Rf5+ Kh4 35. Qg5# 1-0

[Event "Let's Play Chess!"]
[Site "http://www.queenalice.com/game.php?id=356145"]
[Date "2008.2.18"]
[Round "-"]
[White "spawnwolfwolverine"]
[Black "Zoraida"]
[Result "0-1"]
[WhiteElo "1506"]
[BlackElo "1859"]

1. e4 e5 2. d3 Nf6 3. Nf3 d6 4. Be2 Nc6 5. O-O Be7 6. Bg5 h6 7. Bxf6 Bxf6 8. Nc3
O-O 9. a3 a6 10. Nd5 Bg4 11. c3 Nb8 12. Nxf6+ Qxf6 13. b4 b5 14. h3 Bxf3 15.
Bxf3 Nd7 16. d4 Rae8 17. d5 Nb8 18. a4 c6 19. axb5 axb5 20. Ra8 Rc8 21. Be2 Qf4
22. f3 Qe3+ 23. Kh2 Qxc3 24. g4 Qxb4 25. h4 cxd5 26. Qxd5 Nc6 27. Rxc8 Rxc8 28.
Rc1 Qb2 29. Re1 Nd4 30. Kh3 Nxe2 31. Qxd6 Nf4+ 32. Kg3 Qg2# 0-1

[Event "Challenge"]
[Site "http://www.queenalice.com/game.php?id=356714"]
[Date "2008.2.18"]
[Round "-"]
[White "Nyvang"]
[Black "Zoraida"]
[Result "1-0"]
[WhiteElo "1745"]
[BlackElo "1861"]

1. d4 d5 2. Nc3 Nf6 3. h3 e6 4. Nf3 Bb4 5. Bd2 Nc6 6. a3 Bd6 7. Nb5 a6 8. Nxd6+
cxd6 9. e3 O-O 10. Bd3 e5 11. dxe5 dxe5 12. Be2 h6 13. Bc3 Re8 14. b4 b5 15. a4
Rb8 16. O-O Ne4 17. Bd2 Nxd2 18. Qxd2 Bf5 19. c3 Bg6 20. axb5 axb5 21. Qa2 Qd6
22. Qb3 e4 23. Nh4 Ne7 24. Ra5 Qc6 25. Nxg6 Nxg6 26. Rfa1 Rec8 27. R1a3 Ne5 28.
Ra6 Rb6 29. Rxb6 Qxb6 30. Qxd5 Nc4 31. Bxc4 Rxc4 32. Ra8+ Kh7 33. Qxf7 Rxc3 34.
Qf5+ Qg6 35. Qxg6+ Kxg6 36. Ra6+ Kf5 37. Rb6 Rb3 38. Rxb5+ Ke6 39. Rb7 Kf6 40.
g4 g5 41. Kg2 Rb2 42. Kg3 Rb1 43. Kg2 Rb2 44. b5 Ke6 45. Rh7 Rxb5 46. Rxh6+ Kf7
47. Kg3 Kg7 48. Rh5 Kg6 49. h4 gxh4+ 50. Rxh4 Rb2 51. Rh5 Kf6 52. Rf5+ Kg6 53.
Re5 Rb4 54. Kf4 Rb2 55. f3 exf3 56. Kxf3 1-0

[Event "Challenge"]
[Site "http://www.queenalice.com/game.php?id=371721"]
[Date "2008.3.15"]
[Round "-"]
[White "Chris93"]
[Black "Zoraida"]
[Result "1/2-1/2"]
[WhiteElo "2069"]
[BlackElo "1842"]

1. e4 e5 2. Nf3 Nc6 3. Bb5 d6 4. d4 Bd7 5. Nc3 a6 6. Bxc6 Bxc6 7. O-O Nf6 8.
dxe5 Nxe4 9. Nxe4 Bxe4 10. Re1 d5 11. Ng5 Bg6 12. e6 f6 13. Nf3 Be7 14. Nh4 Qd6
15. Qg4 Bxc2 16. Bf4 Qb4 17. Re2 Bd3 18. Rd2 Be4 19. Qxg7 O-O-O 20. Rc1 c6 21.
Qg3 Bd6 22. Re2 Rhg8 23. Bxd6 Qxd6 24. Qxd6 Rxd6 25. f3 Bg6 26. Nxg6 hxg6 27.
Rce1 Re8 28. Kf2 d4 29. f4 d3 30. Rd2 Kc7 31. Re4 f5 32. Re3 Rexe6 33. Rdxd3 Re4
34. Kf3 Rxd3 35. Rxd3 b5 36. Re3 Rxe3+ 37. Kxe3 c5 38. b3 Kd6 39. Kd3 Kd5 40. g3
a5 41. a4 bxa4 42. bxa4 c4+ 43. Kd2 1/2-1/2

[Event "razoman"]
[Site "http://www.queenalice.com/game.php?id=384372"]
[Date "2008.4.9"]
[Round "2"]
[White "JimMorrisson"]
[Black "Zoraida"]
[Result "1-0"]
[WhiteElo "2161"]
[BlackElo "1834"]

1. e4 e5 2. Nf3 Nc6 3. Bb5 d6 4. d4 exd4 5. Nxd4 Bd7 6. Nc3 a6 7. Be2 Nf6 8. O-O
Be7 9. b3 O-O 10. Bb2 Ne5 11. h3 c5 12. Nf5 Bc6 13. f4 Ng6 14. Bd3 Bd7 15. Qf3
b5 16. g4 Bxf5 17. exf5 Nh8 18. g5 Nd7 19. f6 Nxf6 20. gxf6 Bxf6 21. Be4 Rb8 22.
Rae1 g6 23. Bd5 Bd4+ 24. Kh2 b4 25. Nd1 Bxb2 26. Nxb2 Kg7 27. Nc4 f6 28. Re6 Nf7
29. Rfe1 Rc8 30. Re7 Rc7 31. Qe4 Rxe7 32. Qxe7 Qxe7 33. Rxe7 g5 34. Nxd6 1-0

[Event "Challenge"]
[Site "http://www.queenalice.com/game.php?id=386726"]
[Date "2008.4.13"]
[Round "-"]
[White "elche"]
[Black "Zoraida"]
[Result "1-0"]
[WhiteElo "1724"]
[BlackElo "1842"]

1. e4 e5 2. Nf3 Nc6 3. Bc4 h6 4. O-O Nf6 5. c3 d6 6. d4 exd4 7. Nxd4 Be7 8. Nxc6
bxc6 9. Nd2 O-O 10. Re1 a5 11. Qa4 c5 12. Bd5 Bd7 13. Bc6 Bxc6 14. Qxc6 a4 15.
e5 Nd7 16. exd6 cxd6 17. Ne4 Ne5 18. Qd5 Rb8 19. b3 axb3 20. axb3 Qb6 21. Rb1
Kh8 22. c4 f5 23. Ng3 f4 24. Nf5 Rxf5 25. Qe6 Rf7 26. Rxe5 Rf6 27. Qxe7 dxe5 28.
Qxe5 Rbf8 29. Ba3 Rf5 30. Qe1 f3 31. g3 Qg6 32. Qe4 Re8 33. Qd3 Qg4 34. Qf1 h5
35. Re1 Rfe5 36. Rxe5 Rxe5 37. h3 Qd4 38. h4 g5 39. Qc1 Qg4 40. Bb2 Qf5 41.
Bxe5+ Qxe5 42. hxg5 Qf5 43. Qf4 Qg4 44. Qe5+ Kh7 45. Qxc5 h4 46. Qe7+ Kg6 47.
Qf6+ 1-0

[Event "Challenge"]
[Site "http://www.queenalice.com/game.php?id=387578"]
[Date "2008.4.14"]
[Round "-"]
[White "elche"]
[Black "Zoraida"]
[Result "0-1"]
[WhiteElo "1709"]
[BlackElo "1831"]

1. e4 e5 2. Nf3 Nc6 3. Bc4 Nf6 4. O-O Be7 5. Nc3 O-O 6. d4 exd4 7. Nxd4 Bc5 8.
Nxc6 bxc6 9. e5 Ne8 10. Be3 Bxe3 11. fxe3 a5 12. Na4 Ba6 13. Bxa6 Rxa6 14. Qd3
Ra8 15. Nc5 d5 16. c3 Qe7 17. Qd4 g6 18. b4 axb4 19. cxb4 Ng7 20. e4 Ne6 21. a4
Nxd4 0-1

[Event "Challenge"]
[Site "http://www.queenalice.com/game.php?id=398847"]
[Date "2008.5.6"]
[Round "-"]
[White "JoseRamon"]
[Black "Zoraida"]
[Result "1-0"]
[WhiteElo "2006"]
[BlackElo "1821"]

1. e4 e5 2. d4 exd4 3. Qxd4 Nc6 4. Qe3 d6 5. Bd2 Nf6 6. Nc3 Be7 7. O-O-O O-O 8.
Bc4 a6 9. Nf3 Bg4 10. Rdg1 b5 11. Bd5 Bd7 12. g4 Nxg4 13. Qf4 Nxf2 14. Qg3 Ng4
15. Bxc6 Bxc6 16. Qxg4 g6 17. h4 Bd7 18. Qh5 Re8 19. Nd5 Bf8 20. Bg5 gxh5 21.
Bxd8+ Bg4 22. Nf6+ Kh8 23. Nxe8 Rxd8 24. Nf6 Bh6+ 25. Ng5 Kg7 26. Nxg4 hxg4 27.
Kb1 Bxg5 28. hxg5 1-0

[Event "Challenge"]
[Site "http://www.queenalice.com/game.php?id=424889"]
[Date "2008.6.29"]
[Round "-"]
[White "REUSKING"]
[Black "Zoraida"]
[Result "1/2-1/2"]
[WhiteElo "1991"]
[BlackElo "1851"]

1. e4 e5 2. Nf3 d6 3. d4 exd4 4. Nxd4 Nf6 5. Nc3 c5 6. Nf3 Nc6 7. Be2 Be7 8. O-O
O-O 9. Bf4 Be6 10. Qd2 h6 11. Rad1 Qb6 12. b3 Rad8 13. Qc1 d5 14. exd5 Bxd5 15.
Ne5 Nd4 16. Bc4 Bxc4 17. Nxc4 Qb4 18. Bd2 Qxc3 19. Bxc3 Ne2+ 20. Kh1 Nxc1 21.
Rxc1 Ne4 22. Bb2 Rfe8 23. Kg1 Bf6 24. Bxf6 Nxf6 25. Rcd1 b5 26. Nd6 Re2 27. Nxb5
Rxd1 28. Rxd1 a6 29. Na3 Ne4 30. Rf1 Nc3 31. Nc4 Nxa2 32. Ne3 Nb4 33. Rc1 g6 34.
Kf1 Rd2 35. Ke1 Rd6 36. Rd1 Rxd1+ 37. Kxd1 h5 38. Kd2 Kf8 39. Kc3 Ke7 40. Kc4
Kd6 41. c3 Nc6 42. b4 Ne5+ 43. Kb3 cxb4 44. cxb4 Ng4 45. Nxg4 hxg4 46. Ka4 Kc6
47. Ka5 Kb7 48. f3 gxf3 49. gxf3 g5 50. b5 axb5 51. Kxb5 Kc7 52. Kc5 Kd7 53. Kd5
f6 54. h3 Ke7 55. Ke4 Ke6 56. f4 f5+ 57. Kf3 Kf6 58. Kg3 Kg6 59. Kf3 Kh5 60. Kg3
Kg6 1/2-1/2

[Event "Challenge"]
[Site "http://www.queenalice.com/game.php?id=445281"]
[Date "2008.8.8"]
[Round "-"]
[White "Zoraida"]
[Black "pgierech"]
[Result "1-0"]
[WhiteElo "1851"]
[BlackElo "1815"]

1. e4 Nf6 2. Nc3 e5 3. Nf3 Nc6 4. Bb5 Nd4 5. Bc4 Nxf3+ 6. Qxf3 d6 7. O-O Be6 8.
Bb3 Be7 9. d3 O-O 10. h3 a6 11. Bxe6 fxe6 12. Qe2 Qe8 13. a3 Qg6 14. b4 Nh5 15.
Be3 Nf4 16. Bxf4 exf4 17. Qf3 Bf6 18. d4 Bxd4 19. Rad1 e5 20. Nd5 c6 21. Ne7+
1-0

[Event "Challenge"]
[Site "http://www.queenalice.com/game.php?id=486501"]
[Date "2008.11.1"]
[Round "-"]
[White "pgierech"]
[Black "Zoraida"]
[Result "0-1"]
[WhiteElo "1837"]
[BlackElo "1866"]

1. e4 e5 2. f4 exf4 3. Nf3 Nc6 4. d4 d5 5. e5 g5 6. h3 Be6 7. Bd3 Qd7 8. c3
O-O-O 9. Nxg5 f6 10. Nxe6 Qxe6 11. O-O fxe5 12. dxe5 Qxe5 13. Bxf4 Bc5+ 14. Kh1
Qe8 15. a4 Nge7 16. b4 Bd6 17. Bg5 h6 18. Bh4 Qg8 19. b5 Ne5 20. Bc2 Rf8 21. Nd2
Qg7 22. Qe2 N7g6 23. Bf5+ Kb8 24. c4 Nxh4 25. cxd5 Nxf5 26. Ne4 Ng3+ 27. Nxg3
Qxg3 28. Qe1 Rxf1+ 29. Qxf1 Nf3 0-1